| 000 | 00895nam a2200301 a 4500 | ||
|---|---|---|---|
| 003 | AR-BaBNM | ||
| 005 | 20251128210107.0 | ||
| 008 | 082120s2002 ||||||||||||||000 | spa|| | ||
| 020 | _a84-277-1215-4 | ||
| 040 | _cAR-BaBNM | ||
| 100 | 1 | _aFermoso Estebanez, Paciano | |
| 245 | 0 | 0 | _aManual de economía de la educación |
| 260 |
_aMadrid _bNarcea _c1997 |
||
| 300 | _a196 p. | ||
| 490 | 0 | _aEducación hoy | |
| 500 | _aContiene notas bibliográficas al final de cada capítulo | ||
| 500 | _aContiene índice de autores p. 191-192 | ||
| 500 | _aContiene índice temático p. 193-196 | ||
| 650 | 4 | _aECONOMIA DE LA EDUCACION | |
| 650 | 4 | _aPLANIFICACION DE LA EDUCACION | |
| 650 | 4 | _aGASTOS | |
| 650 | 4 | _aEDUCACION Y DESARROLLO | |
| 650 | 4 | _aEDUCACION Y EMPLEO | |
| 653 | _aFINANCIAMIENTO EDUCATIVO | ||
| 700 | 1 |
_aFermoso, Javier _ecolaborador |
|
| 942 | _cBK | ||
| 998 | _cRaquel | ||
| 999 |
_c14020 _d14020 |
||